Harry Potter Spells - Sudden Death - Statistics

General Stats
  • This quiz has been taken 1,175 times
  • The average score is 6 of 17
Answers on the Grid
Answers color-coded by a green-red scale on the quiz's grid according to % correct below.
Vocalis
Aguamenti
Anteoculatia
Aparecium
Confectio
Culinaratus
Conjunctivitis
Defensum
Engorgio
Ennervate
Belcalis Almanzar
Homenum Revelio
Ruminatio
Impedimenta
Maledictus
Praeteritum
Thermos
Mimblewimble
Semper Corporis
Wingardium Leviosa
Geminio
Solis Protego
Dūcere
Rictusempra
Relashio
Scrībō Verbatim
Scourgify
Tarantallegra
Vōx Mūtō
Albescendentis
Vera Verto
Insectaro
 
Answer Stats
Answer % Correct
Wingardium Leviosa
75%
Aguamenti
73%
Engorgio
64%
Rictusempra
52%
Impedimenta
49%
Homenum Revelio
39%
Scourgify
37%
Vera Verto
36%
Relashio
33%
Tarantallegra
29%
Ennervate
27%
Geminio
20%
Aparecium
13%
Conjunctivitis
12%
Maledictus
10%
Mimblewimble
8%
Anteoculatia
5%
No matching quizzes found
Score Distribution
Percent of People with Each Score
Percentile by Number Answered
Your Score History
You have not taken this quiz